| 000 | 00568nam a22001337a 4500 | ||
|---|---|---|---|
| 040 | _cRUA | ||
| 082 | _aVEM RAN 2024 B1-330 Or. | ||
| 100 | _aRANG NAVY,រាំង ណាវី | ||
| 245 | _aHAEMO-PARASITES IN RODENTS AT KHANDANGKOR, PHNOM PENH,បរាសិតក្នុងឈាមកណ្តុរនៅខណ្ឌដង្កោ រាជធានីភ្នំពេញ | ||
| 260 |
_aphnom penh _brua _c2024 |
||
| 300 |
_aix.32p. _bill. _c29cm. |
||
| 856 | _uhttps://drive.google.com/file/d/1qO1TZps-ccjZgtyKvmn_c6acBRyTFM3m/view?usp=sharing | ||
| 942 | _cVEM | ||
| 999 |
_c24761 _d24761 |
||